| 000 | 00791nam a2200193 a 4500 | ||
|---|---|---|---|
| 005 | 20260322212017.0 | ||
| 008 | data | ||
| 090 | _aDVD 979.1 N388 | ||
| 245 | 0 | 4 |
_aThe natural wonders of Sedona : _btimeless beauty / _cnarrated by John Conway. Filmed and edited by Richard G. Ruehs. |
| 260 |
_aSedona, AZ : _bCreative Video Productions, _c2004. |
||
| 300 |
_aVisual Material : Videorecording : DVD video 1 video disc (45 min.) : col., digital ; _b4 3/4 in. |
||
| 500 | _aParticipants: Narrated by John Conway. | ||
| 520 | 3 | _aThe video includes aerial scenes, wildlife, wild flowers, prehistoric Indian ruins, and Sedona's unique movie history. | |
| 650 | 0 |
_aSedona (Ariz.). _xPictorial works. |
|
| 650 | 0 |
_aSedona (Ariz). _xHistory. |
|
| 650 | 0 | _aArizona. | |
| 700 | 1 | _aConway, John | |
| 001 | data | ||
| 999 |
_c362 _d362 |
||